1097 1798 1279 1654 1553 1381 1763 1645 1387 1314 1111 1739 1267 1647 1023 1445 1261 1318 1167 1558 1795 1731 1784 1459 1623 1125 1178 1297 1554 1074 1375 1699 1762 1176 1988 1650 1674 1340 1756 1628 1572 1113 1617 1195 1355 1749 1790 1367 1464 1481 1278 1234 1513 1410 1372 1647 1792 1694 1171 1580 1159 1256 1776 1501 1167 1691 1114 1398 1499 1896 1847 1815 1303 1047 1398 1000 1957 1507 1881 1973 1992 1493 1589 1733 1700 1959 1170 1186 1281 1948 1862 1237 1204 1552 1753 1132 1188 1850 1517 BCNSPRNW ULIB Ver.6.0+V

เปลี่ยนเป็นภาษาไทย

Change to English
 แสดงรายละเอียดบรรณานุกรม
  กลับหน้าหลัก

Brief Record : Get Marc (ISO 2709) : E-mail record : QR code < ปิดหน้าต่าง
LEADER : 00000nam 2200000uu 4500
001    13399123767
003     ULIB
008    141126s2557||||th 000 0 tha d
020    ^a9786169201403
060  0 ^aWY152^bศ499ก
100 0  ^aศิริอร สินธุ
245 00 ^aการจัดการรายกรณีผู้ป่วยโรคเบาหวานและความดันโลหิตสูง/^cศิริอร สินธุ
250    ^aพิมพ์ครั้งที่ 2
260    ^aกรุงเทพฯ :^bโรงพิมพ์วัฒนาการพิมพ์,^c2557
300    ^a235 หน้า :^bตาราง ;^c26 ซม.
650  7 ^aการพยาบาลโรคเรื้อรัง
650  7 ^aการพยาบาลผู้ป่วยโรคเบาหวาน
650  7 ^aการพยาบาลผู้ป่วยโรคความดันโลหิตสูง
700 0  ^aพิเชต วงรอต
945    ^p280^l0^i037211
945    ^p280^l0^i037212
945    ^p280^l0^i037213
945    ^p280^l0^i037214
945    ^p280^l0^i037215
945    ^p280^l0^i037216
945    ^p280^l0^i037217
945    ^p280^l0^i037218
945    ^p280^l0^i037219
945    ^p280^l0^i037220
945    ^p280^l0^i037221
945    ^p280^l0^i037222
945    ^p280^l0^i037223
945    ^p280^l0^i037224
945    ^p280^l0^i037225
999    ^aเกษร โพธิ์สุวรรณ
รายการนี้ยังไม่มีแท็ก
คุณยังไม่ได้ล็อกอิน คุณสามารถมีกิจกรรมร่วมกับเว็บไซต์ได้ แต่ต้องล็อกอินก่อน ::
  ล็อกอิน

รายการสื่อสารสนเทศ

ลำดับที่ ประเภท เลขเรียก/บาร์โค้ด สถานที่ สถานะ
1. Book การพยาบาล
Book การพยาบาล
สถานะ=หนังสือเก่า
WY152 ศ499ก ฉ.1 
  Barcode: 037211
ห้องสมุดวิทยาเขตสวรรค์ประชารักษ์
►ส่วนจัดเก็บหนังสือเก่า สปร
บนชั้น
  ขอยืม
2. Book การพยาบาล
Book การพยาบาล
สถานะ=หนังสือเก่า
WY152 ศ499ก ฉ.10 
  Barcode: 037220
ห้องสมุดวิทยาเขตสวรรค์ประชารักษ์
►ส่วนจัดเก็บหนังสือเก่า สปร
บนชั้น
  ขอยืม
3. Book การพยาบาล
Book การพยาบาล
สถานะ=หนังสือเก่า
WY152 ศ499ก ฉ.11 
  Barcode: 037221
ห้องสมุดวิทยาเขตสวรรค์ประชารักษ์
►ส่วนจัดเก็บหนังสือเก่า สปร
บนชั้น
  ขอยืม
4. Book การพยาบาล
Book การพยาบาล
สถานะ=หนังสือเก่า
WY152 ศ499ก ฉ.12 
  Barcode: 037222
ห้องสมุดวิทยาเขตสวรรค์ประชารักษ์
►ส่วนจัดเก็บหนังสือเก่า สปร
บนชั้น
  ขอยืม
5. Book การพยาบาล
Book การพยาบาล
WY152 ศ499ก ฉ.13 
  Barcode: 037223
ห้องสมุดวิทยาเขตสวรรค์ประชารักษ์
►หนังสือทั่วไป
บนชั้น
6. Book การพยาบาล
Book การพยาบาล
สถานะ=หนังสือเก่า
WY152 ศ499ก ฉ.14 
  Barcode: 037224
ห้องสมุดวิทยาเขตสวรรค์ประชารักษ์
►ส่วนจัดเก็บหนังสือเก่า สปร
บนชั้น
  ขอยืม
7. Book การพยาบาล
Book การพยาบาล
สถานะ=หนังสือเก่า
WY152 ศ499ก ฉ.15 
  Barcode: 037225
ห้องสมุดวิทยาเขตสวรรค์ประชารักษ์
►ส่วนจัดเก็บหนังสือเก่า สปร
บนชั้น
  ขอยืม
8. Book การพยาบาล
Book การพยาบาล
WY152 ศ499ก ฉ.2 
  Barcode: 037212
ห้องสมุดวิทยาเขตสวรรค์ประชารักษ์
►หนังสือทั่วไป
บนชั้น
9. Book การพยาบาล
Book การพยาบาล
WY152 ศ499ก ฉ.3 
  Barcode: 037213
ห้องสมุดวิทยาเขตสวรรค์ประชารักษ์
►หนังสือทั่วไป
บนชั้น
10. Book การพยาบาล
Book การพยาบาล
สถานะ=หนังสือเก่า
WY152 ศ499ก ฉ.4 
  Barcode: 037214
ห้องสมุดวิทยาเขตสวรรค์ประชารักษ์
►ส่วนจัดเก็บหนังสือเก่า สปร
บนชั้น
  ขอยืม
11. Book การพยาบาล
Book การพยาบาล
WY152 ศ499ก ฉ.5 
  Barcode: 037215
ห้องสมุดวิทยาเขตสวรรค์ประชารักษ์
►หนังสือทั่วไป
ถูกยืม กำหนดส่งวันที่ 13 สิงหาคม 2566
  จอง
12. Book การพยาบาล
Book การพยาบาล
สถานะ=หนังสือเก่า
WY152 ศ499ก ฉ.6 
  Barcode: 037216
ห้องสมุดวิทยาเขตสวรรค์ประชารักษ์
►ส่วนจัดเก็บหนังสือเก่า สปร
บนชั้น
  ขอยืม
13. Book การพยาบาล
Book การพยาบาล
สถานะ=หนังสือเก่า
WY152 ศ499ก ฉ.7 
  Barcode: 037217
ห้องสมุดวิทยาเขตสวรรค์ประชารักษ์
►ส่วนจัดเก็บหนังสือเก่า สปร
บนชั้น
  ขอยืม
14. Book การพยาบาล
Book การพยาบาล
WY152 ศ499ก ฉ.8 
  Barcode: 037218
ห้องสมุดวิทยาเขตสวรรค์ประชารักษ์
►หนังสือทั่วไป
บนชั้น
15. Book การพยาบาล
Book การพยาบาล
WY152 ศ499ก ฉ.9 
  Barcode: 037219
ห้องสมุดวิทยาเขตสวรรค์ประชารักษ์
►หนังสือทั่วไป
บนชั้น

รายการใกล้เคียง
    ผู้แต่ง [ศิริอร สินธุ]

    หัวเรื่อง [การพยาบาลโรคเรื้อรัง]
    หัวเรื่อง [การพยาบาลผู้ป่วยโรคเบาหวาน]
    หัวเรื่อง [การพยาบาลผู้ป่วยโรคความดันโลหิตสูง]

BibComment


ยังไม่เคยถูกคอมเมนท์

คอมเมนท์ทรัพยากรรายการนี้
  คอมเมนท์: การจัดการรายกรณี..


 Copyright 2026. Bcnsprnw @Library